000
00347nam a2200157Ia 4500
003
OSt
005
20240306094444.0
008
170523s9999 xx 000 0 und d
020
_a
978-0131913462
040
_c
iimtu meerut
100
_a
STERN- LW
245
0
_a
MARKETING CHANNELS
260
_b
NEW DELHI PHI
260
_c
2001
942
_2
ddc
_c
02
999
_c
954
_d
954